Ca Thư : Những câu hát của người Sán Chay
Quyển sách là một ấn phẩm của Hội văn nghệ dân gian Việt Nam đã sưu tầm và nghiên cứu về những giá trị truyền thống của các dân tộc ngừơi Việt Nam. Nội dung quyển sách xoay quanh các vấn đề: CA THƯ: sách hát của người Sán Chay vùng bi...
Đã lưu trong:
| 主要作者: | |
|---|---|
| 格式: | 圖書 |
| 語言: | Undetermined |
| 出版: |
Hà nội
Đại Học Quốc Gia
2011
|
| 主題: | |
| 標簽: |
添加標簽
沒有標簽, 成為第一個標記此記錄!
|
| Thư viện lưu trữ: | Trung tâm Học liệu Trường Đại học Cần Thơ |
|---|
| LEADER | 01117nam a2200205Ia 4500 | ||
|---|---|---|---|
| 001 | CTU_173576 | ||
| 008 | 210402s9999 xx 000 0 und d | ||
| 082 | |a 398.809597 | ||
| 082 | |b H108 | ||
| 100 | |a Đỗ, Thị Hảo | ||
| 245 | 0 | |a Ca Thư : | |
| 245 | 0 | |b Những câu hát của người Sán Chay | |
| 245 | 0 | |c Đỗ Thị Hảo ( Chủ biên) | |
| 260 | |a Hà nội | ||
| 260 | |b Đại Học Quốc Gia | ||
| 260 | |c 2011 | ||
| 520 | |a Quyển sách là một ấn phẩm của Hội văn nghệ dân gian Việt Nam đã sưu tầm và nghiên cứu về những giá trị truyền thống của các dân tộc ngừơi Việt Nam. Nội dung quyển sách xoay quanh các vấn đề: CA THƯ: sách hát của người Sán Chay vùng biên giới phía Bắc Việt Nam, Phiên âm - dịch nghĩa, nguyên bản chữ Hán. | ||
| 650 | |a Folk literature, Vietnamese,Song, Vietnam,Văn học dân gian, Việt Nam | ||
| 904 | |i Tuyến | ||
| 980 | |a Trung tâm Học liệu Trường Đại học Cần Thơ | ||